Garbled Novels - Statistics

General Stats
  • This quiz has been taken 1,394 times
  • The average score is 10 of 15
Answer Stats
Hint Answer % Correct
Tie watcher on thy dye The Catcher in the Rye
87%
Acne on greed fables Anne of Green Gables
78%
Loud or she fries Lord of the Flies
76%
Mob's dice Moby Dick
76%
On mine end Ben Of Mice and Men
75%
June pyre Jane Eyre
72%
Thy mind on thy pillows The Wind in the Willows
72%
Meter pin Peter Pan
69%
Sanity fail Vanity Fair
68%
Bone Sith she wins Gone with the Wind
61%
Break mouse Bleak House
54%
Jar any peach War and Peace
53%
I root wits I vied A Room with a View
50%
Thy round end toe jury The Sound and the Fury
49%
I massage no indie A Passage to India
46%
No matching quizzes found
Score Distribution
Percent of People with Each Score
Percentile by Number Answered
Your Score History
You have not taken this quiz